| 000 | 00353pab a2200145 454500 | ||
|---|---|---|---|
| 008 | 180718b2002 xxu||||| |||| 00| 0 eng d | ||
| 100 | _aGill, Peter | ||
| 245 | _aPolicing and regulation: what is the difference? | ||
| 260 | _c2002 | ||
| 300 | _ap.521-46. | ||
| 362 | _aDec | ||
| 650 | _aPolice | ||
| 773 | _aSocial and Legal Studies | ||
| 909 | _a54529 | ||
| 999 |
_c54529 _d54529 |
||